000 00218 a2200097 4500
001 55345
100 _a
245 _aHave you ever found a beetle
260 _aAustralia
_bNenson
_c1994
090 _c34337
_d34337
942 _aNUST-CAE
_cMONOGRAPH
_c27044
999 _c290418
_d290418